000 00278nam a2200121Ia 4500
008 220204s9999 xx 000 0 und d
082 _a796.332
_bJON
100 _aJones, Ken
245 0 _aHow to play Soccer
260 _aLondon
_bHamlyn
_c1978
650 _aSoccer
942 _cBK
999 _c35960
_d35960